| 000 | 00850nam a22002057a 4500 | ||
|---|---|---|---|
| 999 |
_c18553 _d18553 |
||
| 003 | AR-CdUCM | ||
| 008 | 190514b ||||| |||| 00| 0 spa d | ||
| 040 |
_aMUNICIPALIDAD PROVINCIAL DEL CUSCO _cBIBLIOTECA MUNICIPAL DEL CUSCO |
||
| 082 |
_a980.004 / _bQ44 |
||
| 100 |
_aQuijano, Anibal _93250 |
||
| 245 | _aDependencia urbanización y cambio social en latinoamerica / | ||
| 260 |
_aLima : _bMosca azul, _c1977. |
||
| 300 |
_a242 páginas ; _c22 cm. |
||
| 505 | _aContenido : Aspectos socioculturales de la urbanización en América Latina 17 -- La urbanización de la sociedad en latinoamericana 85 -- Urbanización y tendencias de cambio en la sociedad rural en latinoamerica ... | ||
| 650 |
_aUrbanización _95054 |
||
| 650 |
_aSocioculturales _939205 |
||
| 650 |
_aLatinoamerica _94398 |
||
| 942 |
_2ddc _cLIBROS |
||
| 945 |
_arah _d2019/05/14 |
||